=LDR 00000nam 2200000 4500 =001 INLIS000000000024551 =005 20130612123130 =008 ***********************************Ind** =035 ##$$0010-061300000024551 =041 ##$$a Ind =082 ##$$a 510.7 =090 ##$$a 510.7, Suk m =100 ##$$a Sukino =245 ##$$a Matematika jilid 2 C kelas 2 Caturwulan 3, Sukino =260 ##$$a 1994 $b Jakarta =300 ##$$a 148, ilus, 21 cm =650 ##$$a Matematika - Study pengajaran =850 ##$$a NBPNMAT